Province del Lazio per Densità di popolazione - Statistics

Statistiche generali
  • Questo quiz è stato fatto 12 volte
  • Il punteggio medio è 5 su 5
Statistiche sulle risposte
Densità (popolazione per km²) Provincia o Città metropolitana % Corretto
210 Città metropolitana di Roma Capitale
100%
255 Provincia di Latina
100%
151 Provincia di Frosinone
90%
88 Provincia di Viterbo
90%
57 Provincia di Rieti
80%
Nessun quiz corrispondente trovato
Distribuzione punteggi
Percentuale di utenti per punteggio
Percentile per numero di risposta
I tuoi punteggi nel tempo
Non hai fatto questo quiz